| Tag |
First Indicator |
Second Indicator |
Subfields |
| LEADER |
00000cam a2200000Ia 4500 |
| 001 |
in00002783784 |
| 006 |
m o d |
| 007 |
cr cn||||||||| |
| 008 |
120312s2012 mdu ob 001 0 eng d |
| 005 |
20250816204548.1 |
| 010 |
|
|
|z 2012009164
|
| 020 |
|
|
|z 9781442200999 (cloth : alk. paper)
|
| 020 |
|
|
|z 9781442201002
|
| 020 |
|
|
|z 9781442201019 (electronic)
|
| 035 |
|
|
|a (CaPaEBR)ebr10593839
|
| 035 |
|
|
|a (OCoLC)811407897
|
| 040 |
|
|
|a CaPaEBR
|c CaPaEBR
|d UtOrBLW
|
| 050 |
1 |
4 |
|a HQ21
|b .B754 2012eb
|
| 082 |
0 |
4 |
|a 305.8
|2 23
|
| 100 |
1 |
|
|a Bogaert, Anthony F.,
|d 1963-
|
| 245 |
1 |
0 |
|a Understanding asexuality /
|c Anthony F. Bogaert.
|
| 264 |
|
1 |
|a Lanham, Md. :
|b Rowman & Littlefield Publishers,
|c 2012.
|
| 300 |
|
|
|a 1 online resource (vii, 183 pages)
|
| 336 |
|
|
|a text
|b txt
|2 rdacontent
|
| 337 |
|
|
|a computer
|b c
|2 rdamedia
|
| 338 |
|
|
|a online resource
|b cr
|2 rdacarrier
|
| 504 |
|
|
|a Includes bibliographical references and index.
|
| 500 |
|
|
|a Electronic resource.
|
| 650 |
|
0 |
|a Sex.
|
| 650 |
|
0 |
|a Gender identity.
|
| 655 |
|
7 |
|a Electronic books.
|2 local
|
| 710 |
2 |
|
|a ebrary, Inc.
|
| 856 |
4 |
0 |
|u https://ebookcentral.proquest.com/lib/tamucs/detail.action?docID=990634
|y Connect to the full text of this electronic book
|t 0
|
| 980 |
|
|
|a 121120
|b 48.99
|c USD
|e 48.99
|f YBP_EBR0000047227
|g 1
|
| 999 |
f |
f |
|s 3dc05741-e0b3-3e6b-a342-50028a9c41a0
|i fe409161-f875-3163-8ec3-2c24074fadf1
|t 0
|
| 999 |
|
|
|a MARS
|
| 952 |
f |
f |
|a Texas A&M University
|b College Station
|c Electronic Resources
|d Available Online
|t 0
|e HQ21 .B754 2012eb
|h Library of Congress classification
|
| 998 |
f |
f |
|a HQ21 .B754 2012eb
|t 0
|l Available Online
|